000 01200nam a2200313 i 4500
003 DO-SdBNP
005 20240712145602.0
007 ta
008 240712b1997 sp 001 0 spa d
020 _a8487480306
040 _aDO-SdBNP
_bspa
_cBNPHU
_erda
082 4 _bL693
_222
100 1 _aLiñan Vicente, Carlos de
_eautor
_986073
245 1 0 _aFarmacología vegetal /
_cCarlos de Liñan Vicente
264 _aEspaña :
_bAgrotécnicas,
_c1997.
300 _a1196 páginas :
_c25 cm.
336 _2rdacontent
_atexto
_btxt
337 _2rdamedia
_asin mediación
_bnc
338 _2rdacarrier
_avolumen
_bnc
500 _aCompendium de las sustancias activas, insectos y ácaros utilizados en la prevención y control de plagas, enfermedades y plantas no deseadas así como en la regulación de la fisiología de los vegetales cultivados
500 _aIncluye datos biografícos de la autora en la contraportada
500 _aIncluye índice general p: 1145-1189.
500 _aIncluye directorio de fabricantes p: 1127-1144.
500 _aIncluye CD-ROOM.
504 _aBibliografía p: 1125-1126.
590 _aInventariado, 2024/ YL
910 _aYlockward
942 _2ddc
_cLBS1
999 _c57286
_d57286